000 00841nab a2200253 u 4500
001 20011
003 HDC
007 cr bn ---aaaaa
008 210303c20091216xx dr|noo 0 a eng d
040 _aHDC
245 0 _aSouqExtra! Officially Launches First Supercenter at Ewan Residences, Dubai
260 _a[No place] :
_b[publisher not identified],
_c2009
300 _a1 online resource
336 _atext
_2rdacontent
337 _acomputer
_2rdamedia
338 _aonline resource
_2rdacarrier
650 _aentrepreneurs
_951
650 _aSouqExtra center
_918222
710 _aHalal Focus
856 _zRequest full-text at [email protected]
942 _2lcc
942 _cNEWS
942 _kNWSO 006285
999 _c17327
_d17327